LEADER 00862nas a2200229 i 4500 001 000000150202 003 CaOOAMICUS 005 20060524000000.0 008 060510b2005 fr uu u0 0fre r 013 $a127540 040 $aSeMil$bita 245 10$a2005 : [Décembre]. 260 $aParis :$bLes Éditions du Cerf,$c2005. 300 $a142 p. ;$c21 cm. 500 $aIn copertina : Publié avec le concours du Centre National du Livre. 710 2 $aCentre National du Livre .$0(OLS)http://semarc/name/1914 774 0 $t[vedi periodico].$w()264177 850 $aSeMil 852 $aSeMil$W1$xVenegono$y1$m195 2 63$j102364$B102364$CSeMilBibl$Z2$F111481 $85 961 $aAcquisto: Cerf (Éditions) 996 $6245$a2005 : [Décembre]$9(OLS)http://semarc/title/216631 996 $6260$aParis :$bLes Éditions du Cerf$9(OLS)http://semarc/publisher/29611 LEADER 01408nam a2200241 4500 001 000000339212 003 CaOOAMICUS 005 20200204101837.0 008 200204s1824 it 000 u ita r 026 $ao.il ---- 3611 1090 (3) 1824 (A) 040 $aSeMil$bita 245 00$aManuale pel conteggio di tutte le monete d'oro e d'argento esposto in nuove lire i.r. austriache, italiane, milanesi e moneta di convenzione, preceduto dalla stessa tariffa e dalle tavole di ragguaglio fra la nuova lira i.r. austriaca, italiana, mila. 264 1$aMilano :$bCoi tipi di Giovanni Pirotta,$c1824. 300 $a[4], 168 p. :$bill. ;$c12° 500 $aSegn.: [a]2 b-d6 D-M6 N4 O6 P2 650 4$aDenaro - Prezzi - Opere anteriori al 1900.$0(OLS)http://semarc/subject/48977 700 1 $aPirotta, Giovanni,$c.$0(OLS)http://semarc/name/2725 850 $aSeMil 852 $aSeMil$W1$xVenegono$y1$m3XD I 2 FA$j218405$B230334$CSeMilBibl$Z2$F230334 $8I 941 1 $a10 996 $6245$aManuale pel conteggio di tutte le monete d'oro e d'argento esposto in nuove lire i.r. austriache, italiane, milanesi e moneta di convenzione, preceduto dalla stessa tariffa e dalle tavole di ragguaglio fra la nuova lira i.r. austriaca, italiana, mila$9(OLS)http://semarc/title/428020 996 $6264$aMilano :$bCoi tipi di Giovanni Pirotta$9(OLS)http://semarc/publisher/36545